Mind maps for kids : study skills
| Main Author: | Buzan, Tony |
|---|---|
| Other Authors: | Wood, Jo Godfrey |
| Published: |
Hammersmith, London:
Thorsons,
2004.
|
| Subjects: |
| LEADER | 00568cam a2200181 7i4500 | ||
|---|---|---|---|
| 001 | 0000041784 | ||
| 005 | 20120215090000.0 | ||
| 020 | |a 9780007177028 (pbk.) | ||
| 090 | 0 | 0 | |a BF431 |b .B88 2004 |
| 100 | 1 | |a Buzan, Tony | |
| 245 | 1 | 0 | |a Mind maps for kids : |b study skills |c Tony Buzan ; with Jo Godfrey Wood. |
| 260 | |a Hammersmith, London: |b Thorsons, |c 2004. | ||
| 300 | |a vii, 122 p.: |b col. ill.; |c 25 cm. | ||
| 650 | 0 | 0 | |a Thought and thinking |
| 650 | 0 | 0 | |a Intellect |
| 650 | 0 | 0 | |a Brain |
| 700 | 1 | |a Wood, Jo Godfrey | |
| 999 | |a 0000007441 |b BOK |c OPEN SHELF |e 1st Floor, Bestari Jaya | ||


